Statistics for Largest Ethnic Groups in Toronto

Click here to take the quiz!

General Stats

  • This quiz has been taken 125 times
  • The average score is 10 of 15

Answer Stats

RankEthnicityPopulation% Correct
10French247,790
92%
3Chinese700,705
91%
4East Indian643,370
87%
9German271,815
87%
2English732,555
86%
7Italian484,360
84%
15Russian139,910
78%
5Irish544,380
75%
1Canadian746,960
72%
11Polish237,240
66%
6Scottish543,760
55%
8Filipino274,675
47%
14Ukrainian144,335
46%
12Portuguese210,240
43%
13Jamaican200,335
36%

Score Distribution

Percentile by Number Answered

Percent of People with Each Score

Your Score History

You have not taken this quiz